Cuatro filosofos y la existencia de dios /

Guardado en:
Autor Principal: Puyau, H.
Formato: Libro
Publicado: Buenos Aires : Asociacion Patriotica Y Cultural EspaÑola, 1999
Etiquetas: Agregar Etiqueta
Sin Etiquetas, Sea el primero en etiquetar este registro!
LEADER 00531nam a22001575a 4500
001 EHU.bham024150
003 AR-BHAM
005 20130507110222.0
008 130507s1999##################000#0#####d
082 2 3 |a 231.01 
100 1 |a Puyau, H. 
245 1 0 |a Cuatro filosofos y la existencia de dios /  |c H. Puyau 
260 |a Buenos Aires :  |b Asociacion Patriotica Y Cultural EspaÑola,  |c 1999 
300 |a 122 p. 
500 |a Puyau, Hermes A., Comp.la Antiguedad. Modelos femeninos.- 
859 |a AR-BHAM  |b BIB. HUMANIDADES - General  |h 231.01  |i P99  |p 668.01  |t Ej.1